Регионална библиотека "Любен Каравелов" - Русе

Концерт ля минор (Запис номер 351166)

MARC детайли
000 -Лидер
Контролно поле с фиксирана дължина 01285ncm a2200325 a 4500
003 - Код на организацията, давaща контролен номер
Контролно поле BLK
005 - Дата и час на последна редакция
Контролно поле 20250215161922.0
008 - Елементи от данни с фиксирана дължина
fixed length control field 200323b bu ||||| |||| 00| 0 bu d
040 ## - Източник на каталожния запис
Идентификатор на билиотеката - собственик на записа BLK
041 ## - Код за език
Код за езика на текст/звукозапис или на отделно заглавие Руски
Код за езика КДБФ Руски
080 ## - УДК
Текстов определител УДК Концерт за обой
УДК код - определител по УДК 785.6:788.7
УДК - код + определител 785.6:788.7
080 ## - УДК
Текстов определител УДК Клавирен съпровод
УДК код - определител по УДК 786.2.082.1
УДК - код + определител 786.2.082.1
100 1# - Редна дума - Автор
R(LIN) 47870
Автор Вивалди, Антонио
Авторска отговорност първи автор
139 ## - Редно поле
Редна дума Вивалди, Антонио
Авторски знак Ви - В 55
245 ## - Сведения за заглавието
Заглавие Концерт ля минор
Подзаглавни данни Для гобоя и струнного оркестра : Переложение для гобоя и фортепиано
Редно поле (дума) Антонио Вивальди
257 ## - Страна на издаване
Страна на създаване/издаване СССР
260 ## - Област на издателските данни
9 (RLIN) 402764
Място на издаване, разпространение и проч. Москва
Име на издателя, разпространителя и проч. Музыка
Година на издаване 1967
300 ## - Физическа характеристика
Страници 19 с.
Размери/Мащаб 29 см
Съпровождащи материали 8 с. щим
380 ## - Жанр
Жанр Изкуство
650 #7 - Допълнително описание по предмет – тема
9 (RLIN) 164432
Основно описание – тема или топоним Обой - концерти
650 #0 - Допълнително описание по предмет – тема
Основно описание – тема или топоним Пиано - концерти
9 (RLIN) 283545
650 #0 - Допълнително описание по предмет – тема
Основно описание – тема или топоним Оркестри, струнни инструменти
9 (RLIN) 353168
653 #7 - Ключова дума – ненормативна
9 (RLIN) 192541
Ключова дума обой
653 #7 - Ключова дума – ненормативна
9 (RLIN) 193730
Ключова дума пиано
653 #7 - Ключова дума – ненормативна
9 (RLIN) 189133
Ключова дума концерти
653 #7 - Ключова дума – ненормативна
9 (RLIN) 197647
Ключова дума струнни оркестри
852 ## - Местоположение
Форматна сигнатура Цб М II 4634
Фондова буква Отдел Изкуство - подръчен фонд
999 ## - СИСТЕМНИ КОНТРОЛНИ НОМЕРА
Koha biblionumber 351166
Koha biblioitemnumber 351166
942 ## - АРТИКУЛИ
Източник на класификационната схема Universal Decimal Classification
Вид на библиотечния материал Нотни издания
Скрит в OPAC Не
Периодичен библиозапис Да
944 ## - СЪЗДАВАНЕ И РЕДАКЦИЯ на ЗАПИСА
Дата на регистрацията/редакция 2020-04-03
Служител, извършил регистрацията/редакцията 30560
Статус, дата на статуса Геновева Генчева
Наличности
Код за отписване Код за изгубен артикул Източник на класификационната схема Код за повреда Коз за рестрикции Код за отдаване Артикулен № Име на библиотеката - собственик Име на библиотеката, в която се намира в момента Статус (Текущо местоположение) Дата на вписване в системата Местоположение - отдел Цена в лева Инвентарен номер Систематично азбучна сигнатура Баркод Цена в евро Служебен тип на артикула
  Не е изгубен Universal Decimal Classification Не е повреден без рестрикции заемане за дома 758202 Регионална библиотека "Любен Каравелов" Русе Регионална библиотека "Любен Каравелов" Русе Отдел Изкуство - подръчен фонд 2020-04-03 Отдел Изкуство - подръчен фонд 0.28 1012/68 788/В 55 А 900000002702 0.14 Нотни издания
  Не е изгубен Universal Decimal Classification Не е повреден само за читалня ползва се в читалня 764680 Регионална библиотека "Любен Каравелов" Русе Регионална библиотека "Любен Каравелов" Русе Хранилище 2020-04-26 Основен фонд - ползва се само за читалня 0.28 1013/68 Цб M II 4634 900000005431 0.14 Нотни издания
Vip Innovations Ltd, Rousse, Bulgaria 2025